Next Century mathematics : into critical thinking and problem solving / (Record no. 5492)

MARC details
000 -LEADER
fixed length control field 00612nam a22001817a 4500
003 - CONTROL NUMBER IDENTIFIER
control field OSt
005 - DATE AND TIME OF LATEST TRANSACTION
control field 20251106052947.0
008 - FIXED-LENGTH DATA ELEMENTS--GENERAL INFORMATION
fixed length control field 251105b |||||||| |||| 00| 0 eng d
020 ## - INTERNATIONAL STANDARD BOOK NUMBER
International Standard Book Number 978-971-06-4965-5
040 ## - CATALOGING SOURCE
Original cataloging agency DWCL - Main Lib
Transcribing agency OC
082 ## - DEWEY DECIMAL CLASSIFICATION NUMBER
Classification number Res. 510 N138 2023
100 ## - MAIN ENTRY--PERSONAL NAME
Personal name Orines, Fernando B.
245 ## - TITLE STATEMENT
Title Next Century mathematics : into critical thinking and problem solving /
Statement of responsibility, etc. Fernando B. Orines
260 ## - PUBLICATION, DISTRIBUTION, ETC.
Place of publication, distribution, etc. Quezon City, Philippines :
Name of publisher, distributor, etc. : phoenix Publishing House,
Date of publication, distribution, etc. c2023
300 ## - PHYSICAL DESCRIPTION
Extent viii, 306 pages :
Other physical details illustrations ;
Dimensions 25 cm
600 ## - SUBJECT ADDED ENTRY--PERSONAL NAME
Personal name 1. Mathematics
942 ## - ADDED ENTRY ELEMENTS (KOHA)
Source of classification or shelving scheme Dewey Decimal Classification
Koha item type Book- Reserved
Call number suffix Res.
Suppress in OPAC No
952 ## - LOCATION AND ITEM INFORMATION (KOHA)
--
952 ## - LOCATION AND ITEM INFORMATION (KOHA)
--
952 ## - LOCATION AND ITEM INFORMATION (KOHA)
--
952 ## - LOCATION AND ITEM INFORMATION (KOHA)
--
Holdings
Withdrawn status Lost status Source of classification or shelving scheme Damaged status Not for loan Home library Current library Shelving location Date acquired Source of acquisition Total Checkouts Full call number Barcode Date last seen Copy number Price effective from Koha item type Uniform Resource Identifier
    Dewey Decimal Classification     Junior High School Library Junior High School Library Reserved 08/14/2023 Library Fund   Res. - 510 N138 2023 JHS - 21139 11/05/2025 c1 11/05/2025 BK-0 CIRC
    Dewey Decimal Classification     Junior High School Library Junior High School Library Reserved 08/14/2023 Library Fund   Res. 510 N138 2023 JHS - 21138 11/05/2025 c2 11/05/2025 BK-0 CIRC
    Dewey Decimal Classification     College Library Junior High School Library Reserved 08/14/2023 Library Fund   Res. 510 N138 2023 JHS - 21137 11/05/2025 c3 11/05/2025 BK-0 CIRC
    Dewey Decimal Classification     Junior High School Library Junior High School Library Reserved 08/14/2023 Complimentary   Res. 510 N138 2023 JHS - 21119 11/06/2025 c4 11/05/2025 BK-0 CIRC